| 000 | 00678nam a2200229 a 4500 | ||
|---|---|---|---|
| 001 | 4381 | ||
| 003 | BD-RjUL | ||
| 005 | 20211208233901.0 | ||
| 008 | 131222s1963 ii b 001 0 eng d | ||
| 035 | _a(BD-RjUL)4416 | ||
| 040 |
_aD2035 _beng _cD2035 _dBD-RjUL |
||
| 041 | _aeng | ||
| 082 | 1 | 4 |
_a338.954 _219 _bALI 1963 |
| 100 | 1 |
_aAlexander, P. C. _913846 |
|
| 245 | 1 | 0 |
_aIndustrial estates in India / _cP.C. Alexander. |
| 260 |
_aBombay : _bAsia Publishing House, _c1963. |
||
| 300 |
_ax, 103 p. ; _c23 cm. |
||
| 504 | _aIncludes bibliographical references and index. | ||
| 650 | 0 |
_aIndustrial districts _zIndia. _913847 |
|
| 651 | 0 |
_aIndia _xIndustries. _98339 |
|
| 942 |
_2ddc _cBK |
||
| 999 |
_c4381 _d4381 |
||